000 00586nam a2200205Ia 4500
003 LK-CoDNM
008 010623t2004 xxu||||| |||| 00| 1 sin d
040 _aLK-CoDNM
_dLK-CoDNM
_eLK-CoDNM
041 _asin
080 _a07
_bHAP
100 _aHapuarachchi,Ajantha.
245 _aපුවත්පත් මාධ්‍ය වේද ලිපි
246 _aArticles of Newspaper Journalism
260 _bRatna Publishers
_aBattaramulla
_c2004
300 _b128p,pl., 21 cm
500 _aNewspaper Journalism1
650 _aJournalism
650 _aNewspapers
942 _cBK
999 _c123882
_d123882